[Event "Southend Masters"]
[Site "Southend"]
[Date "2024.03.31"]
[Round "7.11"]
[White "Abhyuday, Santhosh"]
[Black "Bezuidenhout, Roland"]
[Result "1-0"]
[WhiteElo "2150"]
[BlackElo "2273"]
[PlyCount "95"]
[EventDate "2024.03.28"]
[EventType "swiss"]
[EventRounds "9"]
[EventCountry "ENG"]
[SourceTitle "BritBase"]
[Source "John Saunders"]
[SourceDate "2024.05.09"]
[SourceVersion "1"]
[SourceVersionDate "2024.05.09"]
[SourceQuality "1"]

1. e4 c5 2. Nf3 Nc6 3. Bc4 e6 4. O-O a6 5. d4 cxd4 6. Nxd4 Qc7 7. Nxc6 bxc6 8.
Qe2 Ne7 9. e5 Ng6 10. f4 Be7 11. Nc3 Bb7 12. Ne4 c5 13. b3 Qc6 14. Bd3 Nh4 15.
Bb2 Nf5 16. c4 h5 17. Nd2 h4 18. Be4 Qc7 19. Rad1 Rd8 20. Bxb7 Qxb7 21. Ne4 Rh6
22. Qf3 Qc6 23. Kf2 Rg6 24. Ke2 a5 25. Rd3 a4 26. Rfd1 Kf8 27. Nf2 Qxf3+ 28.
Kxf3 axb3 29. axb3 f6 30. Rxd7 Nd4+ 31. R1xd4 cxd4 32. Rxd8+ Bxd8 33. Bxd4 fxe5
34. Bxe5 Bf6 35. Bd6+ Be7 36. Be5 Bf6 37. Nd3 Ke7 38. Bc7 Kd7 39. Bb6 Rh6 40.
b4 Rh8 41. b5 Ra8 42. Nc5+ Ke7 43. Na6 Rc8 44. c5 Kd7 45. c6+ Kd6 46. Ke4 Ke7
47. Bc5+ Kd8 48. b6 1-0

[Event "Southend Masters"]
[Site "Southend"]
[Date "2024.03.31"]
[Round "7.12"]
[White "Badacsonyi, Stanley"]
[Black "Kawulok, Marek"]
[Result "1-0"]
[WhiteElo "2196"]
[BlackElo "2245"]
[PlyCount "85"]
[EventDate "2024.03.28"]
[EventType "swiss"]
[EventRounds "9"]
[EventCountry "ENG"]
[SourceTitle "BritBase"]
[Source "John Saunders"]
[SourceDate "2024.05.09"]
[SourceVersion "1"]
[SourceVersionDate "2024.05.09"]
[SourceQuality "1"]

1. d4 Nf6 2. Bg5 Nc6 3. Nf3 Ne4 4. Bf4 d5 5. e3 Bg4 6. h3 Bh5 7. Bb5 f6 8. c3
e6 9. Be2 Bd6 10. Bxd6 Qxd6 11. Nfd2 Bxe2 12. Nxe4 dxe4 13. Qxe2 O-O 14. Nd2 f5
15. O-O-O Qd5 16. Kb1 a5 17. f3 exf3 18. gxf3 a4 19. Rhg1 a3 20. b3 b5 21. e4
fxe4 22. fxe4 Qd6 23. Qxb5 Nxd4 24. cxd4 Qxd4 25. Nc4 Qxe4+ 26. Ka1 Rf3 27. Qc5
Qe2 28. Qxc7 g6 29. Rge1 Qg2 30. Rd7 Qxh3 31. Rg7+ Kh8 32. Ne5 Re3 33. Rxh7+
Qxh7 34. Qxh7+ Kxh7 35. Rxe3 Rf8 36. Re1 g5 37. Kb1 Rf2 38. Nc4 g4 39. Rg1 g3
40. Rxg3 Rf1+ 41. Kc2 Ra1 42. b4 Rxa2+ 43. Kb3 1-0

[Event "Southend Masters"]
[Site "Southend"]
[Date "2024.03.31"]
[Round "7.13"]
[White "Villiers, Thomas"]
[Black "Ribeiro, Gustavo"]
[Result "1/2-1/2"]
[WhiteElo "2225"]
[BlackElo "2220"]
[PlyCount "96"]
[EventDate "2024.03.28"]
[EventType "swiss"]
[EventRounds "9"]
[EventCountry "ENG"]
[SourceTitle "BritBase"]
[Source "John Saunders"]
[SourceDate "2024.05.09"]
[SourceVersion "1"]
[SourceVersionDate "2024.05.09"]
[SourceQuality "1"]

1. d4 Nf6 2. Nf3 e6 3. Bg5 d5 4. Nbd2 c5 5. c3 Nc6 6. e3 Qb6 7. Qc2 Bd7 8. Bd3
Rc8 9. a3 h6 10. Bf4 g5 11. Be5 Nxe5 12. Nxe5 Bd6 13. O-O Bxe5 14. dxe5 Ng4 15.
Nf3 Qc7 16. e4 c4 17. Be2 Nxe5 18. exd5 O-O 19. dxe6 Nxf3+ 20. Bxf3 Bxe6 21.
Rad1 Qb6 22. Rd4 Rc5 23. Rfd1 Rb5 24. R1d2 Bf5 25. Be4 Re8 26. Re2 Rxe4 27.
Rdxe4 Kg7 28. g4 Bg6 29. Kg2 Qd6 30. Qa4 Bxe4+ 31. Rxe4 Rxb2 32. Qxc4 Qf6 33.
Qd4 Rb3 34. Qxa7 Rxc3 35. Qd4 Qxd4 36. Rxd4 Rxa3 37. Rb4 Ra7 38. Rb6 f6 39. h4
Kf7 40. hxg5 hxg5 41. Kf3 Ke7 42. Ke4 Kf7 43. f3 Kg6 44. Ke3 Kg7 45. Kd4 Kf7
46. Ke4 Kg7 47. Kd4 Kg6 48. Ke3 Kg7 1/2-1/2

[Event "Southend Masters"]
[Site "Southend"]
[Date "2024.03.31"]
[Round "7.14"]
[White "Jones, Steven A"]
[Black "Ribeiro, Rodrigo"]
[Result "1/2-1/2"]
[WhiteElo "2217"]
[BlackElo "2271"]
[PlyCount "39"]
[EventDate "2024.03.28"]
[EventType "swiss"]
[EventRounds "9"]
[EventCountry "ENG"]
[SourceTitle "BritBase"]
[Source "John Saunders"]
[SourceDate "2024.05.09"]
[SourceVersion "1"]
[SourceVersionDate "2024.05.09"]
[SourceQuality "1"]

1. e4 c5 2. Nf3 e6 3. d4 cxd4 4. Nxd4 a6 5. Bd3 Ne7 6. O-O Nbc6 7. Nb3 g6 8.
Nc3 Bg7 9. Bg5 h6 10. Bf4 d5 11. exd5 Nxd5 12. Nxd5 Qxd5 13. Qe2 Nd4 14. Qe3
Nf5 15. Bxf5 Qxf5 16. Bd6 Bd7 17. c3 Bc6 18. Rad1 Qg5 19. Qxg5 hxg5 20. Na5
1/2-1/2

[Event "Southend Masters"]
[Site "Southend"]
[Date "2024.03.31"]
[Round "8.1"]
[White "Gumularz, Szymon"]
[Black "Fernandez, Daniel Howard"]
[Result "1-0"]
[WhiteElo "2590"]
[BlackElo "2532"]
[PlyCount "157"]
[EventDate "2024.03.28"]
[EventType "swiss"]
[EventRounds "9"]
[EventCountry "ENG"]
[SourceTitle "BritBase"]
[Source "John Saunders"]
[SourceDate "2024.05.09"]
[SourceVersion "1"]
[SourceVersionDate "2024.05.09"]
[SourceQuality "1"]

1. d4 d5 2. c4 c6 3. Nf3 Nf6 4. Nc3 a6 5. e3 b5 6. b3 Bg4 7. a4 bxc4 8. bxc4 e6
9. c5 a5 10. h3 Bxf3 11. gxf3 e5 12. dxe5 Nfd7 13. f4 Bxc5 14. Bg2 Bb4 15. Qc2
f6 16. exf6 Qxf6 17. Bb2 d4 18. exd4 O-O 19. O-O Qxf4 20. Nd5 Qd6 21. Nxb4 axb4
22. Qc4+ Kh8 23. a5 Nf6 24. Qc5 Qxc5 25. dxc5 Nd5 26. Rfe1 Kg8 27. Rad1 Nc3 28.
Rd4 Na4 29. Ba1 Rxa5 30. Rxb4 Nxc5 31. Rg4 g6 32. Bf1 Rf3 33. Bc4+ Kf8 34. Be5
Nbd7 35. Bd6+ Kg7 36. Re7+ Kh8 37. Rf4 Rxf4 38. Bxf4 h5 39. Be3 Ra1+ 40. Kg2
Rd1 41. Bh6 h4 42. f4 Rd5 43. Bg7+ Kg8 44. Bxd5+ cxd5 45. Kf3 Nb8 46. Bd4 Nb3
47. Bf6 Nc6 48. Rg7+ Kf8 49. Rxg6 Kf7 50. Rh6 d4 51. Bxh4 d3 52. Rf6+ Kg7 53.
Rxc6 Nd4+ 54. Ke3 Nxc6 55. Kxd3 Nb8 56. Ke4 Nd7 57. f5 Kf7 58. Bf2 Nf6+ 59. Kf4
Nh7 60. Bd4 Nf8 61. Kg5 Nh7+ 62. Kh5 Nf8 63. Kh6 Nd7 64. h4 Nf8 65. h5 Nd7 66.
Kg5 Nf8 67. h6 Kg8 68. Bg7 Ng6 69. Kg4 Ne7 70. Kf4 Nc6 71. Kg5 Kh7 72. Kf6 Nd8
73. Bf8 Kg8 74. Bd6 Kh7 75. Bf4 Nc6 76. Be3 Kg8 77. Ke6 Nd8+ 78. Ke7 Nc6+ 79.
Ke8 1-0

[Event "Southend Masters"]
[Site "Southend"]
[Date "2024.03.31"]
[Round "8.2"]
[White "Hollan, Martin"]
[Black "Royal, Shreyas"]
[Result "1/2-1/2"]
[WhiteElo "2347"]
[BlackElo "2457"]
[PlyCount "33"]
[EventDate "2024.03.28"]
[EventType "swiss"]
[EventRounds "9"]
[EventCountry "ENG"]
[SourceTitle "BritBase"]
[Source "John Saunders"]
[SourceDate "2024.05.09"]
[SourceVersion "1"]
[SourceVersionDate "2024.05.09"]
[SourceQuality "1"]

1. e4 c5 2. Nf3 d6 3. Bb5+ Nd7 4. O-O a6 5. Bd3 Ngf6 6. c3 b5 7. a4 Bb7 8. axb5
axb5 9. Rxa8 Qxa8 10. Na3 Bxe4 11. Bxe4 Nxe4 12. Nxb5 Qc6 13. c4 e5 14. d3 Nef6
15. Bg5 Be7 16. Nd2 h6 17. Bxf6 1/2-1/2

[Event "Southend Masters"]
[Site "Southend"]
[Date "2024.03.31"]
[Round "8.3"]
[White "Janik, Igor"]
[Black "Agdelen, Huseyin Can"]
[Result "1/2-1/2"]
[WhiteElo "2497"]
[BlackElo "2408"]
[PlyCount "117"]
[EventDate "2024.03.28"]
[EventType "swiss"]
[EventRounds "9"]
[EventCountry "ENG"]
[SourceTitle "BritBase"]
[Source "John Saunders"]
[SourceDate "2024.05.09"]
[SourceVersion "1"]
[SourceVersionDate "2024.05.09"]
[SourceQuality "1"]

1. d4 d5 2. c4 e6 3. Nc3 a6 4. cxd5 exd5 5. Nf3 Nf6 6. Bg5 Be6 7. Bxf6 Qxf6 8.
Qb3 b5 9. a4 b4 10. Nxd5 Qd8 11. e4 c6 12. Qe3 cxd5 13. exd5 Qxd5 14. Rc1 Be7
15. Bd3 Ra7 16. Be4 Qb3 17. Rc8+ Bd8 18. Rxb8 O-O 19. O-O Be7 20. Rxf8+ Kxf8
21. Rc1 Qxe3 22. fxe3 Bd6 23. Nd2 Rc7 24. Rxc7 Bxc7 25. b3 a5 26. Bd3 f5 27.
Bc4 Bc8 28. g3 Ke7 29. Kf2 h6 30. Nf3 Bb7 31. Ne1 Be4 32. Ke2 Kf6 33. Nd3 Bxd3+
34. Bxd3 h5 35. Kf3 g6 36. h3 Kg5 37. Bb5 Kf6 38. Be8 Bd6 39. e4 fxe4+ 40. Kxe4
Bxg3 41. Kd5 Ke7 42. Bxg6 h4 43. Kc6 Kd8 44. Bf5 Bf4 45. d5 Bg3 46. Kb7 Bf4 47.
Kb6 Bc7+ 48. Kc6 Bf4 49. Bg4 Bg3 50. Kb5 Bc7 51. Kc5 Bg3 52. d6 Bf4 53. Kc6 Bg3
54. Bf3 Bf4 55. Kb6 Bxd6 56. Kxa5 Kc7 57. Kb5 Kb8 58. Kb6 Bg3 59. a5 1/2-1/2

[Event "Southend Masters"]
[Site "Southend"]
[Date "2024.03.31"]
[Round "8.4"]
[White "Gallagher, Daniel GH"]
[Black "Wong, Jianwen"]
[Result "0-1"]
[WhiteElo "2219"]
[BlackElo "2254"]
[PlyCount "56"]
[EventDate "2024.03.28"]
[EventType "swiss"]
[EventRounds "9"]
[EventCountry "ENG"]
[SourceTitle "BritBase"]
[Source "John Saunders"]
[SourceDate "2024.05.09"]
[SourceVersion "1"]
[SourceVersionDate "2024.05.09"]
[SourceQuality "1"]

1. Nf3 Nf6 2. c4 e6 3. b3 d5 4. Bb2 g6 5. g4 Bg7 6. h4 O-O 7. g5 Nh5 8. Bxg7
Nxg7 9. d4 c5 10. dxc5 Nc6 11. Bg2 d4 12. Nbd2 e5 13. Ne4 Nh5 14. Nfd2 Bg4 15.
Bf3 Bxf3 16. Nxf3 f5 17. gxf6 Nxf6 18. Qb1 d3 19. Nfd2 Nxe4 20. Nxe4 Qd4 21.
exd3 Nb4 22. Ke2 Rad8 23. Rd1 Qd7 24. a3 Qg4+ 25. Ke1 Nxd3+ 26. Rxd3 Qxe4+ 27.
Re3 Qh1+ 28. Ke2 Rxf2+ 0-1

[Event "Southend Masters"]
[Site "Southend"]
[Date "2024.03.31"]
[Round "8.5"]
[White "Cherniaev, Alexander"]
[Black "Petrov, Martin"]
[Result "1/2-1/2"]
[WhiteElo "2375"]
[BlackElo "2518"]
[PlyCount "62"]
[EventDate "2024.03.28"]
[EventType "swiss"]
[EventRounds "9"]
[EventCountry "ENG"]
[SourceTitle "BritBase"]
[Source "John Saunders"]
[SourceDate "2024.05.09"]
[SourceVersion "1"]
[SourceVersionDate "2024.05.09"]
[SourceQuality "1"]

1. e4 c5 2. c3 Nf6 3. e5 Nd5 4. Nf3 Nc6 5. d4 cxd4 6. cxd4 d6 7. Bc4 dxe5 8.
dxe5 Ndb4 9. a3 Qxd1+ 10. Kxd1 Na6 11. b4 Bg4 12. Bb2 O-O-O+ 13. Nbd2 Bxf3+ 14.
gxf3 e6 15. Ke2 Nc7 16. Rhc1 Nd4+ 17. Bxd4 Rxd4 18. Ne4 Be7 19. Ke3 Rd7 20. f4
Kb8 21. Rd1 Rhd8 22. Rxd7 Rxd7 23. Rg1 g6 24. Ng5 a5 25. Nxf7 b5 26. Ba2 axb4
27. axb4 Bxb4 28. Ng5 Bc5+ 29. Ke2 Rd4 30. Rc1 Bb6 31. Nxe6 Nxe6 1/2-1/2

[Event "Southend Masters"]
[Site "Southend"]
[Date "2024.03.31"]
[Round "8.6"]
[White "Kirk, Ezra"]
[Black "Lim, Zhuo Ren"]
[Result "1/2-1/2"]
[WhiteElo "2407"]
[BlackElo "2290"]
[PlyCount "69"]
[EventDate "2024.03.28"]
[EventType "swiss"]
[EventRounds "9"]
[EventCountry "ENG"]
[SourceTitle "BritBase"]
[Source "John Saunders"]
[SourceDate "2024.05.09"]
[SourceVersion "1"]
[SourceVersionDate "2024.05.09"]
[SourceQuality "1"]

1. Nf3 c5 2. e4 d6 3. Bb5+ Nd7 4. c3 Ngf6 5. Qe2 e6 6. O-O Be7 7. d4 a6 8. Bd3
O-O 9. a4 cxd4 10. cxd4 e5 11. Nc3 Re8 12. a5 exd4 13. Nxd4 Ne5 14. Bc2 Bd7 15.
Bb3 Nc6 16. Nxc6 Bxc6 17. Qf3 Qd7 18. Re1 Bd8 19. Bf4 Qe7 20. Qd3 Bc7 21. Nd5
Nxd5 22. Bxd5 Qf6 23. Bd2 Bxd5 24. Qxd5 Rab8 25. Bc3 Qe6 26. Qd3 Bd8 27. e5 Bc7
28. exd6 Qxd6 29. Qh3 Rbd8 30. g3 h6 31. Rxe8+ Rxe8 32. Qg4 Qg6 33. Qd7 Qc6 34.
Qg4 Be5 35. Bxe5 1/2-1/2

[Event "Southend Masters"]
[Site "Southend"]
[Date "2024.03.31"]
[Round "8.7"]
[White "Pert, Richard G"]
[Black "Gomez Aguirre, Juan Alberto"]
[Result "1-0"]
[WhiteElo "2411"]
[BlackElo "2196"]
[PlyCount "61"]
[EventDate "2024.03.28"]
[EventType "swiss"]
[EventRounds "9"]
[EventCountry "ENG"]
[SourceTitle "BritBase"]
[Source "John Saunders"]
[SourceDate "2024.05.09"]
[SourceVersion "1"]
[SourceVersionDate "2024.05.09"]
[SourceQuality "1"]

1. d4 d5 2. Nf3 Nf6 3. Bf4 c5 4. e3 Nc6 5. Nbd2 cxd4 6. exd4 Bf5 7. Bb5 Rc8 8.
Ne5 Qb6 9. Bxc6+ bxc6 10. c3 Qxb2 11. O-O Qb5 12. g4 Bg6 13. h4 e6 14. h5 Bd3
15. Re1 Be7 16. Re3 Bc4 17. Rb1 Qa6 18. g5 Nd7 19. Ndxc4 dxc4 20. Nxd7 Kxd7 21.
g6 hxg6 22. hxg6 Rh4 23. Bg3 Rh6 24. gxf7 Rf8 25. Qf3 Rf6 26. Qe4 R8xf7 27. Qe5
Rf8 28. Qc7+ Ke8 29. Rb7 Qa3 30. Kg2 Kf7 31. Rxa7 1-0

[Event "Southend Masters"]
[Site "Southend"]
[Date "2024.03.31"]
[Round "8.8"]
[White "Kalavannan, Koby"]
[Black "Lalic, Bogdan"]
[Result "0-1"]
[WhiteElo "2324"]
[BlackElo "2354"]
[PlyCount "72"]
[EventDate "2024.03.28"]
[EventType "swiss"]
[EventRounds "9"]
[EventCountry "ENG"]
[SourceTitle "BritBase"]
[Source "John Saunders"]
[SourceDate "2024.05.09"]
[SourceVersion "1"]
[SourceVersionDate "2024.05.09"]
[SourceQuality "1"]

1. d4 Nf6 2. c4 c5 3. d5 b5 4. cxb5 a6 5. e3 g6 6. Nc3 Bg7 7. d6 O-O 8. Nd5
exd6 9. Nxf6+ Qxf6 10. Nh3 Bb7 11. Nf4 Qe5 12. bxa6 Nxa6 13. Bd2 d5 14. Be2 Bc6
15. Rb1 Rfb8 16. b3 Nb4 17. O-O Rxa2 18. Rc1 d4 19. exd4 Qxd4 20. Be3 Qxd1 21.
Bxd1 d6 22. h4 Bb2 23. Rc4 Bb5 24. Be2 Be5 25. Re1 Bxc4 26. Bxc4 Nc2 27. Re2
Nxe3 28. fxe3 Rxe2 29. Nxe2 Ra8 30. Kf2 Ra1 31. e4 Kg7 32. g3 f5 33. Kf3 Rd1
34. Ke3 Bd4+ 35. Kf4 Rf1+ 36. Kg5 Bf6# 0-1

[Event "Southend Masters"]
[Site "Southend"]
[Date "2024.03.31"]
[Round "8.9"]
[White "Haydon, David L"]
[Black "Abhyuday, Santhosh"]
[Result "1/2-1/2"]
[WhiteElo "2241"]
[BlackElo "2150"]
[PlyCount "85"]
[EventDate "2024.03.28"]
[EventType "swiss"]
[EventRounds "9"]
[EventCountry "ENG"]
[SourceTitle "BritBase"]
[Source "John Saunders"]
[SourceDate "2024.05.09"]
[SourceVersion "1"]
[SourceVersionDate "2024.05.09"]
[SourceQuality "1"]

1. e4 c5 2. Nf3 d6 3. Bb5+ Nd7 4. c3 Ngf6 5. Qe2 a6 6. Ba4 b5 7. Bc2 Bb7 8. d4
e6 9. O-O Be7 10. Nbd2 Qc7 11. a4 O-O 12. axb5 axb5 13. Rxa8 Rxa8 14. e5 dxe5
15. dxe5 Nd5 16. Nb3 Bc6 17. Re1 Ra4 18. Ng5 h6 19. Nf3 Rg4 20. h3 Nf4 21. Bxf4
Rxf4 22. Nbd2 Qb7 23. Qe3 g5 24. Be4 Bxe4 25. Nxe4 Rf5 26. Ng3 Rf4 27. Nh5 Ra4
28. h4 Rg4 29. hxg5 Bxg5 30. Qe2 Be7 31. g3 Kf8 32. Nf4 Rg8 33. Nh2 Rg5 34. Nf3
Rf5 35. Qe4 Qxe4 36. Rxe4 Bg5 37. Kg2 Bxf4 38. gxf4 f6 39. Nh4 Rh5 40. Kg3 fxe5
41. fxe5 Rg5+ 42. Kh2 Kf7 43. Nf3 1/2-1/2

[Event "Southend Masters"]
[Site "Southend"]
[Date "2024.03.31"]
[Round "8.10"]
[White "Jackson, James P"]
[Black "Badacsonyi, Stanley"]
[Result "1-0"]
[WhiteElo "2371"]
[BlackElo "2196"]
[PlyCount "53"]
[EventDate "2024.03.28"]
[EventType "swiss"]
[EventRounds "9"]
[EventCountry "ENG"]
[SourceTitle "BritBase"]
[Source "John Saunders"]
[SourceDate "2024.05.09"]
[SourceVersion "1"]
[SourceVersionDate "2024.05.09"]
[SourceQuality "1"]

1. e4 e6 2. d4 d5 3. Nc3 Nf6 4. e5 Nfd7 5. f4 c5 6. Nf3 Nc6 7. Be3 a6 8. a3
cxd4 9. Nxd4 Qc7 10. Qd2 b5 11. Qf2 Rb8 12. Bd3 Be7 13. O-O b4 14. axb4 Rxb4
15. Nce2 Nxd4 16. Nxd4 Nc5 17. f5 Rf8 18. fxe6 fxe6 19. Qg3 Nxd3 20. cxd3 Rxf1+
21. Rxf1 Bc5 22. Qf2 Qa7 23. Kh1 Qb7 24. b3 a5 25. Nxe6 Bxe6 26. Bxc5 Bf7 27.
e6 1-0

[Event "Southend Masters"]
[Site "Southend"]
[Date "2024.03.31"]
[Round "8.11"]
[White "Browning, Alex"]
[Black "Badacsonyi, Frankie"]
[Result "1/2-1/2"]
[WhiteElo "2313"]
[BlackElo "2160"]
[PlyCount "111"]
[EventDate "2024.03.28"]
[EventType "swiss"]
[EventRounds "9"]
[EventCountry "ENG"]
[SourceTitle "BritBase"]
[Source "John Saunders"]
[SourceDate "2024.05.09"]
[SourceVersion "1"]
[SourceVersionDate "2024.05.09"]
[SourceQuality "1"]

1. Nf3 Nf6 2. g3 b6 3. Bg2 Bb7 4. c4 e6 5. O-O Be7 6. Nc3 c5 7. d4 cxd4 8. Qxd4
d6 9. Rd1 a6 10. b3 Nbd7 11. e4 Qc7 12. Ba3 Nc5 13. e5 dxe5 14. Qxe5 Qxe5 15.
Nxe5 Bxg2 16. Kxg2 Rc8 17. f4 Ncd7 18. Nxd7 Nxd7 19. Bb2 Bf6 20. Rac1 Nc5 21.
Ba3 Be7 22. Rc2 Rd8 23. Rxd8+ Kxd8 24. Re2 Kd7 25. Bb2 Bf6 26. g4 g6 27. Na4
Bxb2 28. Nxc5+ bxc5 29. Rxb2 Kc6 30. Rd2 a5 31. Rd3 f6 32. Kf3 Ra8 33. Ke4 a4
34. Rh3 axb3 35. axb3 Ra7 36. g5 fxg5 37. fxg5 Kd6 38. Rd3+ Ke7 39. Rh3 Kd6 40.
Rd3+ Ke7 41. Ke5 Ra2 42. Rh3 Re2+ 43. Kf4 Rf2+ 44. Ke4 Rf7 45. b4 cxb4 46. Rb3
Rf5 47. h4 h6 48. gxh6 Rh5 49. Kf4 Rxh6 50. Kg4 Kf6 51. Rxb4 Rh5 52. Rb5 Rh8
53. c5 Rh5 54. Ra5 Rf5 55. Kg3 Rh5 56. Kg4 1/2-1/2

[Event "Southend Masters"]
[Site "Southend"]
[Date "2024.03.31"]
[Round "8.12"]
[White "Bezuidenhout, Roland"]
[Black "Jones, Steven A"]
[Result "1/2-1/2"]
[WhiteElo "2273"]
[BlackElo "2217"]
[PlyCount "106"]
[EventDate "2024.03.28"]
[EventType "swiss"]
[EventRounds "9"]
[EventCountry "ENG"]
[SourceTitle "BritBase"]
[Source "John Saunders"]
[SourceDate "2024.05.09"]
[SourceVersion "1"]
[SourceVersionDate "2024.05.09"]
[SourceQuality "1"]

1. e4 c6 2. d3 d5 3. Nd2 e5 4. Ngf3 Bd6 5. d4 exd4 6. exd5 cxd5 7. Nb3 Nf6 8.
Bd3 Qe7+ 9. Qe2 Bb4+ 10. Bd2 Bxd2+ 11. Nfxd2 Nc6 12. Nf3 Qxe2+ 13. Bxe2 O-O 14.
Nbxd4 Bg4 15. O-O Rfe8 16. Rfe1 Bxf3 17. Nxf3 Nb4 18. Bd1 Rxe1+ 19. Nxe1 Re8
20. Bf3 g5 21. Kf1 g4 22. Be2 h5 23. Rd1 Re6 24. c3 Nc6 25. Nc2 Ne5 26. Ne3 Rd6
27. c4 d4 28. Nf5 Ra6 29. a3 Rb6 30. b4 Ra6 31. Rxd4 Rxa3 32. Nd6 Nc6 33. Rd1
Nxb4 34. Nxb7 Ne4 35. c5 Ra2 36. Nd6 Nxc5 37. Bc4 Rb2 38. Bxf7+ Kg7 39. Nc4 Ra2
40. Bxh5 Nbd3 41. Bxg4 Rxf2+ 42. Kg1 Rf4 43. Be2 Rxc4 44. Bxd3 Rd4 45. Be2
Rxd1+ 46. Bxd1 a5 47. Bf3 a4 48. Bd5 Nd3 49. g4 a3 50. h4 Ne5 51. g5 Nf3+ 52.
Kf2 Nxh4 53. Ke2 Kg6 1/2-1/2

[Event "Southend Masters"]
[Site "Southend"]
[Date "2024.03.31"]
[Round "8.13"]
[White "Ribeiro, Gustavo"]
[Black "Kawulok, Marek"]
[Result "1-0"]
[WhiteElo "2220"]
[BlackElo "2245"]
[PlyCount "75"]
[EventDate "2024.03.28"]
[EventType "swiss"]
[EventRounds "9"]
[EventCountry "ENG"]
[SourceTitle "BritBase"]
[Source "John Saunders"]
[SourceDate "2024.05.09"]
[SourceVersion "1"]
[SourceVersionDate "2024.05.09"]
[SourceQuality "1"]

1. e4 e5 2. Nf3 Nc6 3. Bb5 a6 4. Ba4 Bc5 5. O-O Nge7 6. c3 Ba7 7. d4 Ng6 8. Bg5
f6 9. Be3 O-O 10. d5 Nce7 11. Bxa7 Rxa7 12. d6 cxd6 13. Qxd6 b5 14. Bb3+ Kh8
15. Rd1 Rc7 16. a4 Bb7 17. axb5 axb5 18. Nbd2 Bc6 19. g3 Nc8 20. Qd3 Nce7 21.
h4 Nc8 22. Nf1 f5 23. exf5 e4 24. Qd4 Rxf5 25. Ng5 Rxg5 26. hxg5 Qxg5 27. Qe3
Qg4 28. Bd5 Ne5 29. Nh2 Qf5 30. Bxc6 Rxc6 31. Rd4 d5 32. Qf4 Qxf4 33. gxf4 Nd3
34. Rxd5 h6 35. f5 Nd6 36. Ng4 Nxb2 37. Ne5 Rb6 38. Rxd6 1-0

[Event "Southend Masters"]
[Site "Southend"]
[Date "2024.03.31"]
[Round "8.14"]
[White "Villiers, Thomas"]
[Black "Ribeiro, Rodrigo"]
[Result "1-0"]
[WhiteElo "2225"]
[BlackElo "2271"]
[PlyCount "47"]
[EventDate "2024.03.28"]
[EventType "swiss"]
[EventRounds "9"]
[EventCountry "ENG"]
[SourceTitle "BritBase"]
[Source "John Saunders"]
[SourceDate "2024.05.09"]
[SourceVersion "1"]
[SourceVersionDate "2024.05.09"]
[SourceQuality "1"]

1. c4 c5 2. Nc3 Nc6 3. g3 g6 4. Bg2 Bg7 5. Nf3 e6 6. O-O Nge7 7. d4 Nxd4 8.
Nxd4 Bxd4 9. Nb5 Qb6 10. a4 a5 11. Bf4 e5 12. Bc1 d5 13. cxd5 Bd7 14. e3 Bxb5
15. axb5 Nf5 16. exd4 Nxd4 17. Re1 f6 18. f4 O-O 19. fxe5 fxe5 20. Rxe5 Qf6 21.
Bf4 h6 22. Qg4 Kh8 23. Rae1 g5 24. Rxg5 1-0

[Event "Southend Masters"]
[Site "Southend"]
[Date "2024.04.01"]
[Round "9.1"]
[White "Wong, Jianwen"]
[Black "Gumularz, Szymon"]
[Result "1/2-1/2"]
[WhiteElo "2254"]
[BlackElo "2590"]
[PlyCount "44"]
[EventDate "2024.03.28"]
[EventType "swiss"]
[EventRounds "9"]
[EventCountry "ENG"]
[SourceTitle "BritBase"]
[Source "John Saunders"]
[SourceDate "2024.05.09"]
[SourceVersion "1"]
[SourceVersionDate "2024.05.09"]
[SourceQuality "1"]

1. g3 d5 2. Nf3 g6 3. Bg2 Bg7 4. d4 c6 5. O-O Nf6 6. c4 dxc4 7. Nc3 O-O 8. e4
b5 9. Qe2 b4 10. Na4 Qa5 11. Nc5 Nfd7 12. Qxc4 Nxc5 13. Qxc5 Qxc5 14. dxc5 Na6
15. e5 Nxc5 16. Bg5 f6 17. exf6 exf6 18. Be3 Ne4 19. Nd2 f5 20. Nxe4 fxe4 21.
Bxe4 Bh3 22. Rfd1 Rac8 1/2-1/2

[Event "Southend Masters"]
[Site "Southend"]
[Date "2024.04.01"]
[Round "9.5"]
[White "Petrov, Martin"]
[Black "Kirk, Ezra"]
[Result "1/2-1/2"]
[WhiteElo "2518"]
[BlackElo "2407"]
[PlyCount "64"]
[EventDate "2024.03.28"]
[EventType "swiss"]
[EventRounds "9"]
[EventCountry "ENG"]
[SourceTitle "BritBase"]
[Source "John Saunders"]
[SourceDate "2024.05.09"]
[SourceVersion "1"]
[SourceVersionDate "2024.05.09"]
[SourceQuality "1"]

1. e4 e6 2. d4 d5 3. Nc3 Nf6 4. e5 Nfd7 5. Nce2 c5 6. c3 Nc6 7. Nf3 Be7 8. h4
Qb6 9. a3 cxd4 10. cxd4 f6 11. exf6 Nxf6 12. Nc3 O-O 13. Bd3 Bd7 14. O-O Kh8
15. Bg5 Be8 16. Re1 Nxd4 17. Nxd4 Qxd4 18. Nb5 Qb6 19. Be3 Bc5 20. Bxc5 Qxc5
21. Rc1 Qb6 22. Nc7 Ne4 23. Bxe4 Qxf2+ 24. Kh1 Qxh4+ 25. Kg1 Qf2+ 26. Kh1 Qh4+
27. Kg1 dxe4 28. Rf1 Bc6 29. Nxa8 Rxa8 30. Qd4 h6 31. Qe3 Qh5 32. Rf2 a6
1/2-1/2

[Event "Southend Masters"]
[Site "Southend"]
[Date "2024.04.01"]
[Round "9.6"]
[White "Agdelen, Huseyin Can"]
[Black "Pert, Richard G"]
[Result "1/2-1/2"]
[WhiteElo "2408"]
[BlackElo "2411"]
[PlyCount "27"]
[EventDate "2024.03.28"]
[EventType "swiss"]
[EventRounds "9"]
[EventCountry "ENG"]
[SourceTitle "BritBase"]
[Source "John Saunders"]
[SourceDate "2024.05.09"]
[SourceVersion "1"]
[SourceVersionDate "2024.05.09"]
[SourceQuality "1"]

1. e4 c6 2. d4 d5 3. e5 Bf5 4. h4 a6 5. Nc3 h5 6. Nge2 g6 7. Ng3 Bg4 8. f3 Bd7
9. Bg5 Qb6 10. Qd2 e6 11. O-O-O c5 12. dxc5 Qxc5 13. Kb1 Qc7 14. Qf4 1/2-1/2

[Event "Southend Masters"]
[Site "Southend"]
[Date "2024.04.01"]
[Round "9.8"]
[White "Gomez Aguirre, Juan Alberto"]
[Black "Haydon, David L"]
[Result "1/2-1/2"]
[WhiteElo "2196"]
[BlackElo "2241"]
[PlyCount "76"]
[EventDate "2024.03.28"]
[EventType "swiss"]
[EventRounds "9"]
[EventCountry "ENG"]
[SourceTitle "BritBase"]
[Source "John Saunders"]
[SourceDate "2024.05.09"]
[SourceVersion "1"]
[SourceVersionDate "2024.05.09"]
[SourceQuality "1"]

1. d4 Nf6 2. c4 e6 3. Nc3 d5 4. cxd5 exd5 5. Bg5 Be7 6. e3 c6 7. Bd3 Be6 8. f3
Nh5 9. Bxe7 Qxe7 10. Qd2 f5 11. Nge2 Nd7 12. O-O O-O 13. Rae1 Rae8 14. Qc2 g6
15. e4 fxe4 16. fxe4 Rxf1+ 17. Rxf1 dxe4 18. Nxe4 Bd5 19. N4c3 Bf7 20. Qd2 Kg7
21. Be4 Nhf6 22. Bf3 Nb6 23. b3 Nbd5 24. Nxd5 Bxd5 25. Nc3 Bxf3 26. Rxf3 Qd6
27. h3 Rd8 28. Re3 Rd7 29. Qf2 Nd5 30. Nxd5 Qxd5 31. Re8 Rf7 32. Qe3 Qf5 33.
Qe5+ Qxe5 34. Rxe5 Rd7 35. Kf2 Kf6 36. Ke3 Re7 37. Rxe7 Kxe7 38. Ke4 Ke6
1/2-1/2